000
00276nam a22001217a 4500
020
_a
0-582-98871-3
082
_a
621.381 SEY'E
100
_a
SEYMOUR, J
_9
75612
245
_a
ELECTRONIC DEVICES AND COMPONENTS
260
_a
LONDON
_b
ELBS
_c
1981
300
_a
504P
942
_c
BK
999
_c
581006
_d
581006